Review of the Fund's Income Position for FY2007 and FY200.

The review of income for the year ended April 30, 2007 (FY07) builds on the midyear income review and the February 2007 meeting of the Committee on the Budget.

Podrobná bibliografie
Korporativní autor: International Monetary Fund
Médium: Časopis
Jazyk:English
Vydáno: Washington, D.C. : International Monetary Fund, 2007.
Edice:Policy Papers; Policy Paper ; No. 2007/033
Témata:
On-line přístup:Full text available on IMF
LEADER 01357cas a2200313 a 4500
001 AALejournalIMF019883
008 230101c9999 xx r poo 0 0eng d
020 |c 5.00 USD 
020 |z 9781498333634 
022 |a 2663-3493 
040 |a BD-DhAAL  |c BD-DhAAL 
110 2 |a International Monetary Fund. 
245 1 0 |a Review of the Fund's Income Position for FY2007 and FY200. 
264 1 |a Washington, D.C. :  |b International Monetary Fund,  |c 2007. 
300 |a 1 online resource (38 pages) 
490 1 |a Policy Papers 
500 |a <strong>Off-Campus Access:</strong> No User ID or Password Required 
500 |a <strong>On-Campus Access:</strong> No User ID or Password Required 
506 |a Electronic access restricted to authorized BRAC University faculty, staff and students 
520 3 |a The review of income for the year ended April 30, 2007 (FY07) builds on the midyear income review and the February 2007 meeting of the Committee on the Budget. 
538 |a Mode of access: Internet 
650 7 |a Income  |2 imf 
650 7 |a Interest Rate  |2 imf 
650 7 |a Net Income  |2 imf 
650 7 |a PP  |2 imf 
650 7 |a SDR  |2 imf 
651 7 |a United States  |2 imf 
830 0 |a Policy Papers; Policy Paper ;  |v No. 2007/033 
856 4 0 |z Full text available on IMF  |u http://elibrary.imf.org/view/journals/007/2007/033/007.2007.issue-033-en.xml  |z IMF e-Library